Statistiques concernant Toutes les communes Françaises frontalières de l'Italie

Cliquez ici pour prendre le quiz!

Statistiques générales

  • Ce quiz a été pris 34 fois
  • Le résultat moyen est 12 sur 34

Statistiques - réponses

DépartementCommune% Correct
Alpes-MaritimesMenton
96%
Haute-SavoieChamonix-Mont-Blanc
64%
Hautes-AlpesMontgenèvre
54%
SavoieModane
50%
Alpes-MaritimesTende
50%
SavoieBourg-Saint-Maurice
43%
Alpes-MaritimesIsola
43%
Hautes-AlpesNévache
39%
Hautes-AlpesSaint-Véran
39%
SavoieBonneval-sur-Arc
36%
Alpes-MaritimesSaint-Étienne-de-Tinée
36%
Haute-SavoieSaint-Gervais-les-Bains
36%
SavoieTignes
36%
SavoieVal-Cenis
36%
SavoieBessans
32%
Alpes-MaritimesBreil-sur-Roya
32%
Alpes-MaritimesLa Brigue
32%
Alpes-MaritimesSaint-Martin-Vésubie
32%
Alpes-MaritimesSospel
32%
SavoieVal-d'Isère
32%
Haute-SavoieLes Contamines-Montjoie
29%
SavoieSainte-Foy-Tarentaise
29%
Alpes-de-Haute-ProvenceSaint-Paul-sur-Ubaye
29%
Alpes-MaritimesSaorge
29%
Alpes-MaritimesCastellar
25%
SavoieMontvalezan
25%
SavoieSéez
25%
Hautes-AlpesAbriès-Ristolas
21%
SavoieAvrieux
21%
Hautes-AlpesCervières
21%
Hautes-AlpesMolines-en-Queyras
21%
Alpes-de-Haute-ProvenceVal d'Oronaye
21%
Alpes-MaritimesBelvédère
18%
Alpes-MaritimesValdeblore
18%

Distribution des résultats

Percentile par nombre de réponses

% des personnes avec chaque résultat

Votre développement - résultats

Vous n’avez pas pris ce quiz